000 02127cam a22003974a 4500
001 14070067
003 ARRUPE
005 20151218092047.0
008 050810s2006 nyu b 001 0 eng
010 _a 2005023086
015 _aGBA627013
_2bnb
016 7 _a013414256
_2Uk
020 _a0195305515 (cloth : alk. paper)
020 _a9780195305517
035 _a(OCoLC)ocm61361533
040 _aDLC
_cDLC
_dYDX
_dBAKER
_dUKM
_dCOO
_dPUL
_dDLC
042 _apcc
043 _an-us---
050 0 0 _aLC501
_b.M65 2006
082 0 0 _a378/.0712/73
_222
100 1 _aMorey, Melanie M.
_921407
245 1 0 _aCatholic higher education :
_ba culture in crisis /
_cMelanie M. Morey, John J. Piderit.
260 _aNew York :
_bOxford University Press,
_c2006.
300 _axiv, 450 p. ;
_c24 cm.
504 _aIncludes bibliographical references (p. [391]-438) and index.
505 0 _aContext -- Introduction -- Mission and culture : an essential connection -- Models of Catholic universities -- Themes -- Faculty and students engaging the Catholic intellectual tradition -- The Catholic tradition : intellectual, moral, and social -- Student culture -- Religious activities -- Institutional culture -- Recommendations -- Cultural collapse and religious congregations of women -- Leadership and governance -- Policy packages -- Flourishing cultures.
610 1 0 _aCatholic Church
_xEducation (Higher)
_zUnited States.
_921408
650 0 _aCatholic universities and colleges
_zUnited States.
_913020
700 1 _aPiderit, John J.
_921409
856 4 1 _3Table of contents
_uhttp://www.loc.gov/catdir/toc/ecip0517/2005023086.html
856 4 2 _3Publisher description
_uhttp://www.loc.gov/catdir/enhancements/fy0636/2005023086-d.html
856 4 2 _3Contributor biographical information
_uhttp://www.loc.gov/catdir/enhancements/fy0723/2005023086-b.html
906 _a7
_bcbc
_corignew
_d1
_eecip
_f20
_gy-gencatlg
942 _2lcc
_cMONOGRAPH
999 _c123909
_d123909